000 00446nam a2200157 a 4500
001 000035256
005 20200930074217.0
008 111026s1978 mx a r 000 0 spa d
040 _aDO-SdBNP
_bspa
_cBNPHU
082 _axxxx
_bxxxx
100 1 _aKrishnamurti, J.
_961013
245 1 0 _aA los pies del maestro /
_cJ. Krishnamurti.
260 _aMéxico :
_bVila
_bOrion,
_c1978.
300 _a92 p. :
_bil. ;
_c15 cm.
590 _aInventariado, 2019/BT
999 _c34747
_d34747